Les Châtelleries de Bordeciel dans Skyrim - Statistiques

Statistiques générales
  • Ce quiz a été pris 43 fois
  • Le résultat moyen est 4 sur 9
Statistiques - réponses
Châtelleries de Bordeciel % Correct
Blancherive
100%
Epervine
63%
La Crevasse
49%
Fortdhiver
46%
Estemarche
43%
Hjaalmarche
43%
La Brèche
43%
Haafingar
29%
Le Cros
0%
Aucun quiz correspondant
Distribution des résultats
% des personnes avec chaque résultat
Percentile par nombre de réponses
Votre historique - résultats
Vous n’avez pas pris ce quiz